000 00506nam a2200145Ia 4500
008 220214s9999 xx 000 0 und d
100 _aKarmin BK
245 0 _aStability of the tensile and elastic properties of rubber compounds based on different NR grades ar curing and thermal-oxidative ageing
260 _bNatural Rubber Conference, 28 August-5 September 1968, Kualalumpur, Malaysia
_c1968
300 _a10p
700 _aBegunovsaya LM
700 _aBetz GE
700 _aZhakova VG
942 _cRE
999 _c46477
_d46477